| 000 | 01188nam a22002537a 4500 | ||
|---|---|---|---|
| 999 |
_c1659 _d1659 |
||
| 003 | AR-CdUCM | ||
| 008 | 190227b ||||| |||| 00| 0 spa d | ||
| 040 |
_aMUNICIPALIDAD PROVINCIAL DEL CUSCO _cBIBLIOTECA MUNICIPAL DEL CUSCO |
||
| 082 |
_a362.5 / _bG56 |
||
| 100 |
_aGodinot, Xavier _9697 |
||
| 245 |
_aSalir de la miseria : _bhistorias de vida de Burkina Faso y Perú / |
||
| 260 |
_aCusco : _bATD, _c2008. |
||
| 300 |
_a338 páginas ; _bmapas, _c21 cm. |
||
| 500 | _aMovimiento internacional ATD cuarto mundo con el apoyo financiero de programa de colaboración Belga para la reducción de la pobreza y el Banco Mundial. | ||
| 505 | _aContenido: Estudio monográfico de la vida de Paúl S. Burkina Faso -- primeros años de la vida de Paúl -- Paúl conoce a Claude y Bruno en el patio de los cien oficios -- Estudio monográfico de la vida de la familia Rojas Paucar del Perú ... | ||
| 650 |
_aPerú _935 |
||
| 650 |
_aTestimonios _9915 |
||
| 650 |
_aAntropología de la pobreza _9698 |
||
| 700 |
_aHeyberger, Patricia et Claude _96173 |
||
| 700 |
_aMacedo de Ugarte, Rosario _9702 |
||
| 700 |
_aUgarte, Marco Aurelio (coautores) _96174 |
||
| 942 |
_2ddc _cLIBROS |
||
| 945 | _aachl | ||